000 00608nam a2200241 i 4500
001 C2-0299984
003 PPAK
005 20180728081549.0
008 090930s2008 enk |||| ||||| | eng d
020 _a9781847393739
040 _aPPAK
_beng
_cPPAK
_erda
082 0 4 _a823
_223
090 0 0 _a823
_bSMI
_dG
100 1 _aSmith, Tom Rob,
_eauthor
245 1 0 _aChild 44
264 1 _aLondon :
_bPocket Books ,
_c2008
300 _a484 pages ;
_c18 cm
336 _2rdacontent
_atext
337 _2rdamedia
_aunmediated
338 _2rdacarrier
_avolume
650 1 0 _aEnglish fiction
942 _ddc
_cB
999 _c103899
_d103899